Sustainable retrofit and facilities management (Record no. 115052)

MARC details
000 -LEADER
fixed length control field 01437cam a22002295a 4500
001 - CONTROL NUMBER
control field L157980
008 - FIXED-LENGTH DATA ELEMENTS--GENERAL INFORMATION
fixed length control field 130918s2013 xxk f 000 0 eng d
020 ## - INTERNATIONAL STANDARD BOOK NUMBER
International Standard Book Number 9780203075739
035 ## - SYSTEM CONTROL NUMBER
System control number (Sirsi) u157980
041 0# - LANGUAGE CODE
Language code of text/sound track or separate title eng
100 1# - MAIN ENTRY--PERSONAL NAME
Personal name Appleby
Numeration Paul
245 00 - TITLE STATEMENT
Title Sustainable retrofit and facilities management
Medium [electronic resource]
260 ## - PUBLICATION, DISTRIBUTION, ETC.
Place of publication, distribution, etc. Chichester
Name of publisher, distributor, etc. Taylor & Francis Ltd
Date of publication, distribution, etc. 2013
300 ## - PHYSICAL DESCRIPTION
Extent ebook
520 ## - SUMMARY, ETC.
Summary, etc. Provides guidance to those involved in the refurbishment and management of existing buildings on minimizing carbon emissions, water consumption and waste to landfill, along with enhancing the long term sustainability of a building. Outlines measures that can be used to improve the efficiency and sustainability of existing buildings, through both good management and refurbishment. Explores the relationship between the refurbishment of existing buildings, facility management and the wider community infrastructure. Looks at management tools such as post occupancy evaluation, building health checks, energy management software, green building management toolkits and green leases. Illustrated throughout with case studies and examples of best practice.
650 24 - SUBJECT ADDED ENTRY--TOPICAL TERM
Topical term or geographic name entry element EBOOK
651 #4 - SUBJECT ADDED ENTRY--GEOGRAPHIC NAME
Geographic name International
690 ## - LOCAL SUBJECT ADDED ENTRY--TOPICAL TERM (OCLC, RLIN)
Topical term or geographic name as entry element Facilities management
9 (RLIN) 6240
690 ## - LOCAL SUBJECT ADDED ENTRY--TOPICAL TERM (OCLC, RLIN)
Topical term or geographic name as entry element Sustainability
9 (RLIN) 6271
856 40 - ELECTRONIC LOCATION AND ACCESS
Uniform Resource Identifier <a href="https://www.vlebooks.com/">https://www.vlebooks.com/</a>
Public note View on VLEbooks. Logins for members only from [email protected]
942 ## - ADDED ENTRY ELEMENTS (KOHA)
Suppress in OPAC 0
Holdings
Withdrawn status Lost status Source of classification or shelving scheme Damaged status Not for loan Home library Current library Shelving location Date acquired Total Checkouts Full call number Barcode Date last seen Copy number Price effective from Koha item type
    Dewey Decimal Classification     Virtual Virtual Online 18/09/2013   ONLINE PUBLICATION 157980-2001 06/08/2019 1 06/08/2019 Book